25 Most Famous Cities in Slovakia on a Map - Statistics

General Stats
  • This quiz has been taken 118 times
  • The average score is 16 of 25
Answers on the Map
Answers color-coded by a green-red scale on the quiz's map according to % correct below.
 
Answer Stats
Wiki Monthly Views Cityquiz Mention Rate Population Answers % Correct
184.51K 41.05% 478.04K Bratislava
100%
47.06K 11.51% 225.04K Košice
95%
19.26K 2.41% 74.06K Banská Bystrica
80%
18.21K 3.95% 76.50K Nitra
80%
16.56K 2.83% 82.29K Prešov
80%
18.04K 4.19% 80.63K Žilina
80%
16.75K 2.37% 62.95K Trnava
78%
13.42K 1.84% 48.74K Poprad
75%
13.84K 2.11% 54.06K Trenčín
73%
8.74K 1.88% 50.63K Martin
70%
8.69K 0.58% 29.96K Bardejov
59%
9.45K 1.29% 32.11K Komárno
58%
8.51K 0.74% 30.04K Liptovský Mikuláš
58%
5.43K 0.67% 34.54K Spišská Nová Ves
58%
7.58K 0.87% 39.45K Zvolen
58%
7.45K 1.31% 26.55K Ružomberok
57%
5.45K 0.69% 35.58K Michalovce
56%
11.21K 0.49% 9.34K Banská Štiavnica
54%
7.50K 0.85% 22.89K Dunajská Streda
53%
7.65K 0.79% 36.41K Nové Zámky
53%
7.09K 0.43% 26.67K Piešťany
51%
5.75K 0.31% 15.24K Kežmarok
48%
5.18K 0.60% 30.82K Levice
48%
5.74K 0.45% 9.36K Štúrovo
47%
6.83K 0.36% 13.94K Levoča
46%
No matching quizzes found
Score Distribution
Percent of People with Each Score
Percentile by Number Answered
Your Score History
You have not taken this quiz